Statistics for Aramco Orange Cap in IPL 2023

Click here to take the quiz!

General Stats

  • This quiz has been taken 13 times
  • The average score is 23 of 30

Answer Stats

HintAnswer% Correct
DCDavid Warner
100%
CSKDevon Conway
100%
RCBFaf du Plessis
100%
MIIshan Kishan
100%
CSKRuturaj Gaikwad
100%
GTShubman Gill
100%
RCBVirat Kohli
100%
RRYashasvi Jaiswal
100%
MICameron Green
91%
MISuryakumar Yadav
91%
KKRVenkatesh Iyer
91%
RRJos Buttler
82%
MIRohit Sharma
82%
PBKSShikhar Dhawan
82%
RCBGlenn Maxwell
73%
SRHHeinrich Klaasen
73%
PBKSJitesh Sharma
73%
KKRNitish Rana
73%
KKRRinku Singh
73%
RRSanju Samson
73%
CSKAjinkya Rahane
64%
GTHardik Pandya
64%
CSKShivam Dube
64%
LSGMarcus Stoinis
55%
LSGNicholas Pooran
55%
PBKSPrabhsimran Singh
45%
GTWriddhiman Saha
45%
LSGKyle Mayers
36%
GTSai Sudharsan
36%
MITilak Varma
36%

Score Distribution

Percentile by Number Answered

Percent of People with Each Score

Your Score History

You have not taken this quiz